Norma técnica colombiana NTC 5313 : (Registro nro. 4913)

Detalles MARC
000 -LEADER
fixed length control field 00760nam a2200193Ia 4500
003 - CONTROL NUMBER IDENTIFIER
control field OSt
005 - DATE AND TIME OF LATEST TRANSACTION
control field 20200330130700.0
008 - FIXED-LENGTH DATA ELEMENTS--GENERAL INFORMATION
fixed length control field 191128s2008 ck gr 001 0 spa d
040 ## - CATALOGING SOURCE
Original cataloging agency CO-JMCR
Transcribing agency CO-JMCR
082 04 - DEWEY DECIMAL CLASSIFICATION NUMBER
Classification number 050 /
Item number I59i
110 2# - MAIN ENTRY--CORPORATE NAME
Corporate name or jurisdiction name as entry element Instituto Colombiano de normas técnicas y certificación
Relator term autor
9 (RLIN) 2169
245 20 - TITLE STATEMENT
Title Norma técnica colombiana NTC 5313 :
Remainder of title Información y documentación : reglas para la abreviatura de títulos de publicaciones /
Statement of responsibility, etc. Instituto Colombiano de normas técnicas
260 ## - PUBLICATION, DISTRIBUTION, ETC.
Place of publication, distribution, etc. Bogotá :
Name of publisher, distributor, etc. Instituto Colombiano de normas técnicas y certificación,
Date of publication, distribution, etc. 2008
300 ## - PHYSICAL DESCRIPTION
Extent 15 páginas ;
Dimensions 28 cm.
490 0# - SERIES STATEMENT
Series statement Norma técnica colombiana.
546 ## - LANGUAGE NOTE
Language note spa
650 14 - SUBJECT ADDED ENTRY--TOPICAL TERM
Topical term or geographic name entry element Publicaciones
General subdivision Norma técnica
9 (RLIN) 2170
942 ## - ADDED ENTRY ELEMENTS (KOHA)
Source of classification or shelving scheme Dewey Decimal Classification
Koha item type Books
Existencias
Withdrawn status Lost status Source of classification or shelving scheme Materials specified (bound volume or other part) Damaged status Not for loan Home library Current library Date acquired Source of acquisition Cost, normal purchase price Total Checkouts Full call number Barcode Date last seen Copy number Price effective from Koha item type
    Dewey Decimal Classification Donación--15/04/2018--     Biblioteca Pública José María del Castillo y Rada Biblioteca Pública José María del Castillo y Rada 11/28/2019 Donación 0.00   050 / I59i 430000967 05/16/2024 Ej.1 11/28/2019 Books